<?xml version="1.0" encoding="UTF-8"?>
<record
    xmlns:xsi="http://www.w3.org/2001/XMLSchema-instance"
    xsi:schemaLocation="http://www.loc.gov/MARC21/slim http://www.loc.gov/standards/marcxml/schema/MARC21slim.xsd"
    xmlns="http://www.loc.gov/MARC21/slim">

  <leader>00675nam a22002177a 4500</leader>
  <controlfield tag="001">2815</controlfield>
  <controlfield tag="003">BD-DhBUF</controlfield>
  <controlfield tag="005">20251123112041.0</controlfield>
  <controlfield tag="008">251123b        bg ||||| |||| 00| 0 ben d</controlfield>
  <datafield tag="020" ind1=" " ind2=" ">
    <subfield code="a">9789843471253</subfield>
  </datafield>
  <datafield tag="040" ind1=" " ind2=" ">
    <subfield code="a">BD-DhBUF</subfield>
    <subfield code="c">BD-DhBUF</subfield>
  </datafield>
  <datafield tag="100" ind1=" " ind2=" ">
    <subfield code="a">&#x9B6;&#x9CB;&#x9AF;&#x9BC;&#x9BE;&#x9AC;, &#x995;&#x9CD;&#x9B2;&#x9BE;&#x989;&#x9B8;</subfield>
    <subfield code="9">4193</subfield>
  </datafield>
  <datafield tag="245" ind1=" " ind2=" ">
    <subfield code="a">&#x99A;&#x9A4;&#x9C1;&#x9B0;&#x9CD;&#x9A5; &#x9B6;&#x9BF;&#x9B2;&#x9CD;&#x9AA; &#x9AC;&#x9BF;&#x9AA;&#x9CD;&#x9B2;&#x9AC; /</subfield>
    <subfield code="c">&#x995;&#x9CD;&#x9B2;&#x9BE;&#x989;&#x9B8; &#x9B6;&#x9CB;&#x9AF;&#x9BC;&#x9BE;&#x9AC;, </subfield>
  </datafield>
  <datafield tag="246" ind1=" " ind2=" ">
    <subfield code="a">The fourth industrial revolution /</subfield>
  </datafield>
  <datafield tag="260" ind1=" " ind2=" ">
    <subfield code="a">&#x9A2;&#x9BE;&#x995;&#x9BE; :</subfield>
    <subfield code="b">&#x9AE;&#x9BE;&#x9A4;&#x9C3;&#x9AD;&#x9BE;&#x9B7;&#x9BE;,</subfield>
    <subfield code="c">&#x9E8;&#x9E6;&#x9E8;&#x9E9;.</subfield>
  </datafield>
  <datafield tag="300" ind1=" " ind2=" ">
    <subfield code="a">168p. :</subfield>
    <subfield code="c">22cm. ;</subfield>
  </datafield>
  <datafield tag="526" ind1=" " ind2=" ">
    <subfield code="a">ES</subfield>
  </datafield>
  <datafield tag="650" ind1=" " ind2=" ">
    <subfield code="a">Business</subfield>
  </datafield>
  <datafield tag="650" ind1=" " ind2=" ">
    <subfield code="a">Environmental Science</subfield>
  </datafield>
  <datafield tag="942" ind1=" " ind2=" ">
    <subfield code="2">ddc</subfield>
    <subfield code="c">BK</subfield>
  </datafield>
  <datafield tag="999" ind1=" " ind2=" ">
    <subfield code="c">2815</subfield>
    <subfield code="d">2815</subfield>
  </datafield>
  <datafield tag="952" ind1=" " ind2=" ">
    <subfield code="0">0</subfield>
    <subfield code="1">0</subfield>
    <subfield code="2">ddc</subfield>
    <subfield code="4">0</subfield>
    <subfield code="7">0</subfield>
    <subfield code="a">BUFTL</subfield>
    <subfield code="b">BUFTL</subfield>
    <subfield code="d">2025-11-22</subfield>
    <subfield code="l">0</subfield>
    <subfield code="o">338.064 S55911c 2023</subfield>
    <subfield code="p">2025-0372</subfield>
    <subfield code="r">2025-11-23 11:21:26</subfield>
    <subfield code="t">C-1</subfield>
    <subfield code="w">2025-11-23</subfield>
    <subfield code="y">BK</subfield>
  </datafield>
  <datafield tag="952" ind1=" " ind2=" ">
    <subfield code="0">0</subfield>
    <subfield code="1">0</subfield>
    <subfield code="2">ddc</subfield>
    <subfield code="4">0</subfield>
    <subfield code="7">0</subfield>
    <subfield code="a">BUFTL</subfield>
    <subfield code="b">BUFTL</subfield>
    <subfield code="d">2025-12-02</subfield>
    <subfield code="l">0</subfield>
    <subfield code="o">338.064 S55911c 2023</subfield>
    <subfield code="p">2025-0457</subfield>
    <subfield code="r">2025-12-02 15:59:16</subfield>
    <subfield code="t">C-2</subfield>
    <subfield code="w">2025-11-23</subfield>
    <subfield code="y">BK</subfield>
  </datafield>
</record>
